Âm nhạc 8 Sách giáo viên

Spremljeno u:
Bibliografski detalji
Glavni autor: Hoàng, Long
Daljnji autori: Lê, Minh Châu
Format: Knjiga
Jezik:Undetermined
Izdano: H. Giáo dục 2004
Teme:
Online pristup:http://lrc.tdmu.edu.vn/opac/search/detail.asp?aID=2&ID=4856
Oznake: Dodaj oznaku
Bez oznaka, Budi prvi tko označuje ovaj zapis!
Thư viện lưu trữ: Trung tâm Học liệu Trường Đại học Thủ Dầu Một
LEADER 00642nam a2200217Ia 4500
001 TDMU_4856
008 210410s9999 xx 000 0 und d
082 |a 780.72 
090 |b H407 
100 |a Hoàng, Long 
245 0 |a Âm nhạc 8 
245 0 |b Sách giáo viên 
245 0 |c Hoàng Long 
260 |a H. 
260 |b Giáo dục 
260 |c 2004 
300 |a 64tr 
650 |a Âm nhạc  |x Dạy và học ; Sách lớp 8  |v Giáo viên 
700 |a Lê, Minh Châu 
856 |u http://lrc.tdmu.edu.vn/opac/search/detail.asp?aID=2&ID=4856 
980 |a Trung tâm Học liệu Trường Đại học Thủ Dầu Một